[Event "RUS-chT Blitz Men 2018"]
[Site "Sochi"]
[Date "2018.10.10"]
[Round "6"]
[White "Sychev, Klementy"]
[Black "Paravyan, David"]
[Result "1/2-1/2"]
[WhiteElo "2534"]
[BlackElo "2629"]
[Annotator "TA"]
[PlyCount "132"]
[EventDate "2018.10.10"]
[EventType "swiss"]
[EventCountry "RUS"]
[SourceTitle "playchess.com"]
[Source "ChessBase"]
[SourceQuality "1"]

{[%evp 16,132,10,0,77,78,77,81,78,79,79,61,68,64,81,81,82,83,82,80,83,83,87,75,90,77,87,85,92,86,91,63,60,53,64,65,69,62,66,67,77,60,65,53,60,60,60,49,49,49,49,49,49,49,49,49,49,37,44,44,49,49,50,33,58,58,58,44,58,16,31,31,44,25,27,25,44,44,59,24,24,0,0,0,24,24,25,25,44,24,24,0,0,0,24,0,44,24,24,0,0,0,44,0,0,0,44,0,24,0,0,0,0,0,0,0,54,0,0]} 1. e4 e5 2. Nf3 Nc6 3. Bb5 Nf6 4. O-O Nxe4 5. d4 Nd6 6. dxe5 Nxb5 7. a4 Nbd4 {C67: Ruy Lopez: Berlin Defence: 4 0-0 Nxe4} 8. Nxd4 d6 9. exd6 {LiveBook: 84 Games} Qxd6 $146 {[#]} (9... Nxd4 $11 {remains equal.} 10. Qxd4 Qxd6 11. Qe4+ Qe6) ({Predecessor:} 9... Nxd4 10. Qxd4 Qxd6 11. Qe3+ Be7 12. Nc3 c6 13. Re1 Be6 14. Ne4 Qc7 15. Nc5 Bxc5 16. Qxc5 b6 17. Qa3 c5 18. a5 O-O 19. axb6 Qxb6 {½-½ (63) Hou,Y (2658)-Ponomariov,R (2686) Shenzhen 2018}) 10. Nb5 $1 $16 {[%cal Rb5d6]} Qxd1 11. Rxd1 Bd6 12. Nxd6+ cxd6 13. Rxd6 Bf5 14. Na3 O-O 15. Be3 Rfd8 16. Rad1 Rxd6 17. Rxd6 a6 18. c3 Be6 19. Bb6 Kf8 20. a5 Ke7 21. Rd2 Rc8 22. f3 f6 23. Kf2 Ne5 24. Rd4 Nc4 25. Nxc4 Rxc4 $14 {[%mdl 4096] Endgame KRB-KRB} 26. Rd8 Rc8 27. Rd2 (27. Rd3 {seems wilder.} h5 28. Ke3 Bc4 29. Rd1 Rc6 30. Kf2) 27... Bd7 28. Re2+ Kf7 29. g4 Re8 30. Rd2 Bc6 31. Bd4 h5 32. h3 {[%cal Bh2h3,Bh3g4][%mdl 32]} hxg4 33. hxg4 Rh8 34. Kg2 Rh4 35. Kg3 Rh1 36. Bc5 Rf1 37. Rd3 Bb5 38. Re3 Bc6 39. b4 g5 40. Rd3 Ke6 41. Bf2 Rc1 42. f4 gxf4+ 43. Kxf4 Rf1 44. Kg3 Rc1 45. Bc5 Rc2 46. Re3+ Kf7 47. Bb6 Rg2+ 48. Kf4 Rf2+ 49. Kg3 Rg2+ 50. Kh3 Rc2 51. Bd4 Rf2 52. Kg3 Rg2+ 53. Kf4 Rf2+ 54. Kg3 Rg2+ 55. Kh3 Rf2 56. Kh4 Rh2+ 57. Kg3 Rg2+ 58. Kh3 Rf2 59. Kg3 Rg2+ 60. Kh3 Rf2 61. Kh4 Rh2+ 62. Kg3 Rg2+ 63. Kf4 Rf2+ 64. Kg3 Rg2+ 65. Kh3 (65. Kh4 $11) 65... Rf2 66. Kg3 (66. Re7+ $14 Kxe7 67. Bxf2) 66... Rg2+ {Precision: White = 39%, Black = 63%.} 1/2-1/2

[Event "RUS-chT Blitz Men 2018"]
[Site "Sochi"]
[Date "2018.10.10"]
[Round "6"]
[White "Potapov, Pavel"]
[Black "Taysayev, Timur"]
[Result "1-0"]
[WhiteElo "2515"]
[BlackElo "2225"]
[Annotator "TA"]
[PlyCount "109"]
[EventDate "2018.10.10"]
[EventType "swiss"]
[EventCountry "RUS"]
[SourceTitle "playchess.com"]
[Source "ChessBase"]
[SourceQuality "1"]

{[%evp 17,109,0,0,-7,10,10,68,77,76,33,28,45,46,1,2,0,0,-67,-67,-80,-82,-102,-102,-94,-82,-142,-139,-139,-146,-136,-143,-135,-136,-136,-107,-151,-147,-192,-176,-172,-148,-260,-245,-352,-335,-451,-429,-461,-467,-468,0,-186,0,-465,-442,-439,-406,-400,-400,-338,-150,-349,-329,-326,-306,-498,-358,-440,0,-443,0,-416,-377,-381,0,0,0,0,936,918,29987,0,0,-1097,-1000,-309,29985,29983,29995,29996,29996,29997,29997,29998]} 1. e4 c5 2. Nf3 d6 3. Nc3 Nc6 4. Bb5 Bd7 5. O-O Nf6 6. d4 cxd4 7. Nxd4 e6 8. Re1 Be7 9. Bg5 O-O {LiveBook: 8 Games} 10. Nxc6 {B62: Sicilian: Richter-Rauzer: 6...e6: Unusual White 7th moves} (10. Bxc6 Bxc6 11. Nxc6 bxc6 12. e5 dxe5 13. Qxd8 Rfxd8 14. Rxe5 h6 15. Bh4 Rd2 16. Re2 Rad8 17. Kf1 Rxe2 18. Kxe2 Bb4 19. Rd1 Rb8 20. Bxf6 gxf6 {½-½ (29) Sitnikov,A (2457)-Mischuk,D (2383) Belorechensk 2018}) 10... bxc6 11. Bd3 Qa5 $146 (11... h6 $11 12. Bd2 e5) ({Predecessor:} 11... e5 12. b3 Be6 13. h3 Nd7 14. Bxe7 Qxe7 15. Be2 Rad8 16. Bf3 Nc5 17. Qe2 Bc8 18. Rad1 Ne6 19. Qe3 Nd4 20. Rd2 Bxh3 21. g3 Qg5 {0-1 (21) De Macedo,L (1757)-Silveira Filho,N (2246) Joao Pessoa 2012}) 12. e5 $14 {White is slightly better.} dxe5 13. Bxf6 (13. Bxh7+ $5 Kxh7 14. Bxf6 Bxf6 15. Qxd7 $14) 13... Bxf6 {[#]} 14. Bxh7+ $1 {[%mdl 512]} Kxh7 15. Qxd7 e4 16. Rxe4 Rab8 17. Na4 (17. Ra4 $11 Qf5 18. Ne4 (18. Qxc6 Rxb2 19. Ne4 Rfb8 $14)) 17... Qd5 $15 18. Qxd5 cxd5 19. Rf4 Bxb2 20. Nxb2 Rxb2 $17 {[%mdl 4096] Endgame KRR-KRR} 21. Ra4 ({Better is} 21. c4) 21... Rc8 22. Rxa7 Kg6 (22... Rbxc2 23. g3 $15) (22... Rcxc2 23. Rxf7 Rxa2 24. Re1 $15) 23. a4 Rcxc2 24. Rf1 Ra2 25. a5 d4 {And now ...d3 would win.} 26. Rd7 e5 (26... Rxa5 27. Rxd4 Raa2 28. h4 $15) 27. Rd5 f6 28. h4 Kf5 29. Rb5 (29. Rd7 $17) 29... g6 30. g3 (30. a6 $142) 30... Kg4 $19 31. Kg2 e4 32. Rb6 Kf5 $1 33. Rb5+ Kg4 $2 (33... Ke6 {Hoping for ...e3.} 34. Rb6+ Kd5 35. Rxf6 e3) 34. Rb6 $1 Kf5 $2 (34... Rxa5 35. Rxf6 g5 36. Re6 $17) (34... Rc3 35. Rxf6 Rxg3+ 36. Kh1 Rh3+ 37. Kg2 Rxh4) 35. Rb5+ $1 Ke6 36. Rb6+ Ke5 37. Rb5+ {[#]} Kd6 $1 38. Rb6+ Rc6 (38... Kd5 $19 {has better winning chances.} 39. Rb5+ Kd6 40. Rb6+ Kd5 41. Rb5+ Kc4) 39. Rb4 $2 (39. g4 $17 {keeps fighting.}) 39... Kd5 ({And not} 39... Rxa5 40. Rxd4+ Ke5 41. Rd2 $11) 40. Rd1 d3 41. Rb5+ $2 (41. Rb8) 41... Rc5 42. Rb6 Rc6 43. Rb5+ Rc5 44. Rb6 Ke5 45. a6 e3 $2 ({Black should try} 45... Rcc2 $19 46. Rf1 Kd5 47. Rb5+ Kc4) 46. Rxd3 $11 Rxf2+ 47. Kh3 Ke4 $2 {[%mdl 8192] [#]} (47... e2 $11 48. Re3+ Kd4) 48. Ra3 $1 $18 {Black must now prevent a7.} Rc1 49. Re6+ $2 (49. a7 {mates} Rc8 50. Rb8 Rxb8 51. axb8=Q Rd2 52. Qb3 Kf5 53. Qxe3 g5 54. g4+ Kg6 55. Qxd2 Kh7 56. Ra7+ Kh6 57. Qd7 gxh4 58. Qg7#) 49... Kf5 $11 {[%cal Rc1h1]} 50. Ra5+ $2 {[%mdl 8192]} (50. Rxf6+ $11 Kxf6 51. a7) 50... Kxe6 $19 51. a7 f5 $4 {[%mdl 8192]} (51... Rh1+ 52. Kg4 $18) (51... Rc8 $19 52. a8=Q Rxa8 53. Rxa8 e2 54. Re8+ Kd7) 52. a8=Q {White mates.} Rcc2 53. Qd5+ Kf6 54. Qe5+ Kf7 55. Ra7+ {Precision: White = 46%, Black = 52%.} 1-0

[Event "RUS-chT Blitz Men 2018"]
[Site "Sochi"]
[Date "2018.10.10"]
[Round "6"]
[White "Moiseenko, Vadim"]
[Black "Papenin, Nikolai"]
[Result "0-1"]
[WhiteElo "2492"]
[BlackElo "2334"]
[Annotator "TA"]
[PlyCount "70"]
[EventDate "2018.10.10"]
[EventType "swiss"]
[EventCountry "RUS"]
[SourceTitle "playchess.com"]
[Source "ChessBase"]
[SourceQuality "1"]

{[%evp 10,70,8,3,12,0,74,65,90,102,96,34,36,33,27,0,5,11,50,58,102,23,13,18,62,70,50,44,81,14,7,0,339,0,0,0,0,0,0,0,0,0,0,-7,0,-6,0,0,64,60,118,84,130,0,0,0,80,100,678,135,206,-1799,-952]} 1. Nf3 Nf6 2. b3 g6 3. Bb2 Bg7 4. e3 O-O 5. d4 d5 6. Be2 c5 {D04: Colle System} (6... b6 7. O-O c5 8. dxc5 bxc5 9. c4 e6 10. Nc3 Bb7 11. cxd5 exd5 12. Rc1 Nbd7 13. Qd2 Rc8 14. Rfd1 {1-0 (66) Nakamura,H (2777)-Hou,Y (2658) chess.com INT 2018}) 7. dxc5 Nbd7 $146 (7... Qa5+ $1 $11 8. Nbd2 Qxc5) ({Predecessor:} 7... Qa5+ 8. Qd2 Qxc5 9. O-O Nc6 10. Nc3 Ne4 11. Nxe4 dxe4 12. Bxg7 Kxg7 13. Nd4 Rd8 14. Qc1 Nxd4 15. exd4 Rxd4 {½-½ (37) Diaz Cordoba,F (2225)-Gallego Alcaraz,A (2365) Puerto Boyaca 2012}) 8. b4 $16 a5 {White is slightly better.} 9. a3 Qc7 10. Nc3 ({White should play} 10. Nbd2 $16) 10... b6 $1 $14 11. Nb5 Qb7 12. Bd4 bxc5 13. bxc5 Qc6 14. O-O Re8 15. Ne5 (15. Rc1 $16) 15... Nxe5 $11 16. Bxe5 Ne4 17. Bxg7 Kxg7 18. c4 dxc4 $1 19. Bxc4 (19. Bf3 $16 {And now Qd4+ would win.} Qxb5 20. Bxe4) 19... Qxc5 20. Rc1 {[#] Threatens to win with Bd3.} Qe5 $2 {[%mdl 8192]} (20... Ba6 $1 $11 {and Black stays safe.} 21. Qc2 Nd6 22. Qc3+ f6 23. Nxd6 Qxd6) 21. Nc7 $2 ({White must play} 21. Qd5 $18 Qxd5 22. Bxd5) 21... Qxc7 22. Bxf7 Qd7 23. Bxe8 Qxe8 24. Qd5 $36 {[%mdl 2048] White has some pressure.} Bf5 25. Rc7 {Hoping for g4!} Nf6 26. Qe5 Kf7 27. h3 h5 28. Rfc1 Rd8 (28... Qd8 $11) 29. Qxa5 $14 Be4 (29... Ra8 $14 30. Qe5 Ra6) 30. Qb4 Rd5 31. a4 (31. f3 $16 Rb5 32. Qc3) 31... Rg5 $1 $11 {[%cal Rg5g2]} 32. g3 {a5 is the strong threat.} h4 {[#]} (32... Qd8 $11 {keeps the balance.}) 33. g4 $1 $16 (33. Rc8 $2 Qd7 $19) 33... Nxg4 $2 {[%mdl 8192]} (33... Rd5 $16) 34. hxg4 $2 (34. f4 $18 {and the rest is easy.} Rd5 35. hxg4) 34... Rxg4+ 35. Kf1 $4 {[%mdl 8192]} (35. Kh2 $18) 35... Bd3+ {Precision: White = 38%, Black = 38%.} 0-1

[Event "RUS-chT Blitz Men 2018"]
[Site "Sochi"]
[Date "2018.10.10"]
[Round "6"]
[White "Afanasiev, Nikita"]
[Black "Yuffa, Daniil"]
[Result "1/2-1/2"]
[WhiteElo "2487"]
[BlackElo "2563"]
[Annotator "TA"]
[PlyCount "88"]
[EventDate "2018.10.10"]
[EventType "swiss"]
[EventCountry "RUS"]
[SourceTitle "playchess.com"]
[Source "ChessBase"]
[SourceQuality "1"]

{[%evp 21,88,18,30,37,47,0,14,0,4,-10,-25,-79,-13,-4,0,0,0,-12,48,44,36,33,19,0,21,22,28,24,48,33,111,130,226,220,263,155,390,147,322,0,410,0,0,0,0,0,0,0,0,0,0,0,0,0,0,0,0,0,0,0,0,0,0,0,0,0,0,0,0]} 1. c4 g6 2. Nc3 Bg7 3. g3 Nf6 {[%cal Bg8f6,Bf6e8,Be8c7,Bc7e6,Be6d4][%mdl 32]} 4. Bg2 O-O 5. e4 c5 6. Nge2 Nc6 7. O-O Ne8 8. a3 Nc7 9. Rb1 Ne6 10. b4 d6 11. d3 Rb8 {LiveBook: 16 Games} 12. f4 {A36: Symmetrical English vs ...g6: 4 Bg2 Bg7} (12. h3 a6 13. Be3 Bd7 14. Qd2 Ned4 15. Kh2 b5 16. f4 bxc4 17. dxc4 Be6 18. Nd5 Nxe2 19. Qxe2 cxb4 20. Nxb4 {½-½ (51) Brodsky,M (2561)-Roiz,M (2590) Sochi 2006}) 12... Ned4 13. h3 (13. b5 $5 {[%cal Rb5c6]} Nxe2+ 14. Nxe2 $14) 13... a6 14. Kh2 $146 ({Predecessor:} 14. b5 Nxe2+ 15. Nxe2 axb5 16. cxb5 Nd4 17. Bd2 {0-1 (54) Foster,J (2067)-Alfred,N (2307) Sunningdale 2007}) 14... b5 15. cxb5 Nxb5 16. bxc5 (16. Nxb5 $11 {keeps the balance.} Rxb5 17. Qc2) 16... Bxc3 ({Black should play} 16... Nxc3 $17 17. Nxc3 Bxc3 18. Rxb8 Nxb8) 17. a4 $11 Bg7 (17... Ncd4 {is more complex.} 18. axb5 Nxe2 19. Qxe2 dxc5 20. Be3 Bd4) 18. axb5 dxc5 19. Be3 Rxb5 (19... Nd4 $1 $11) 20. Rxb5 $14 axb5 21. Bxc5 Be6 22. Qb1 b4 23. Rc1 Qa5 24. d4 $36 {[%mdl 2048] [#] Hoping for d5. White is more active.} Ba2 25. Qb2 {e5 is the strong threat.} b3 ({Better is} 25... Rd8 $1 $14) 26. e5 $16 Nb4 (26... Rc8 $16 27. Nc3 e6) 27. Rc3 $18 ({And not} 27. Bxe7 Nd3 $17) 27... Rb8 28. Nc1 ({White must play} 28. Bxe7 $18 {aiming for Bd6.} Re8 29. Bxb4 Qxb4 30. Bd5) 28... Qa4 $2 (28... Bf8 $16 29. Nxb3 Qa4) 29. Nxb3 $2 (29. Bxe7 $18 {and the rest is easy.} Bf8 30. Bxf8 Rxf8 31. d5) 29... Na6 $2 (29... Bf8 $16) 30. Bd5 $2 (30. Bxe7 $18 Bf8 31. Bxf8 Kxf8 32. Bd5) 30... e6 $2 {[%mdl 8192]} (30... Nxc5 $11 31. dxc5 e6) 31. Bc4 $2 (31. Bd6 $18 Bf8 32. Bxb8 Nxb8 33. Rc8) 31... Nxc5 $11 {The position is equal.} 32. dxc5 {Threatens to win with Qc2.} Bf8 33. c6 Rc8 $1 34. Nd2 Rxc6 {[%cal Ra2c4]} 35. Bxa2 {[#] Black must now prevent Bc4.} Rxc3 36. Qxc3 {And now Bb3 would win.} Qxa2 37. Kg2 Qd5+ 38. Nf3 Bc5 39. Qc2 Kg7 40. Qe2 h6 41. h4 Bb4 42. Qc2 Bc5 43. Qe2 Bb4 44. Qc2 Bc5 {Precision: White = 50%, Black = 32%.} 1/2-1/2

[Event "RUS-chT Blitz Men 2018"]
[Site "Sochi"]
[Date "2018.10.10"]
[Round "6"]
[White "Kezin, Roman"]
[Black "Pogromsky, Mikhail"]
[Result "1-0"]
[WhiteElo "2471"]
[BlackElo "2415"]
[Annotator "TA"]
[PlyCount "63"]
[EventDate "2018.10.10"]
[EventType "swiss"]
[EventCountry "RUS"]
[SourceTitle "playchess.com"]
[Source "ChessBase"]
[SourceQuality "1"]

{[%evp 14,63,39,15,47,47,64,79,70,34,28,39,35,36,58,0,47,44,169,163,133,147,321,344,341,324,316,251,241,243,240,238,326,239,242,171,177,145,220,207,383,372,357,348,389,381,403,380,387,377,385,411]} 1. d4 Nf6 2. c4 e6 3. g3 d5 4. Bg2 g6 5. Nf3 Bg7 6. O-O O-O 7. Qc2 c6 {D77: Fianchetto Grünfeld: 6 0-0: Replies other than 6...c6} (7... Nc6 8. Rd1 a5 9. a3 Ne7 10. Nc3 b6 11. Bf4 Bb7 12. cxd5 exd5 13. Rac1 Ne8 14. b4 axb4 15. axb4 {1-0 (30) Matlakov,M (2691)-Lu,S (2595) Ningbo 2015}) 8. Nbd2 {LiveBook: 8 Games} b6 9. e4 {[%cal Be2e4,Be4e5][%mdl 32]} Ba6 {White is slightly better.} 10. e5 $146 ({Predecessor:} 10. b3 c5 11. exd5 exd5 12. dxc5 bxc5 13. Ne5 Nbd7 14. Nc6 Qe8 15. Bb2 Nb6 {1-0 (55) Szabolcsi,J (2402)-Meszaros,M (2373) Hungary 2008}) 10... Ne4 11. Nxe4 dxe4 12. Qxe4 {b3 is the strong threat.} Bxc4 13. Rd1 Bd5 14. Qg4 ({Better is} 14. Qe2 $14) 14... h6 15. Qh3 $36 {[%mdl 2048] White fights for an advantage.} Kh7 {[#]} (15... g5 $14) 16. Ng5+ $1 $18 Kg8 17. Ne4 g5 $2 (17... Bxe4 $16 18. Bxe4 h5) 18. f4 {[%cal Rf4g5]} g4 19. Qxg4 Nd7 {Now ...f5 and Black clings on.} 20. f5 exf5 21. Qxf5 {Black must now prevent Nd6.} Qe7 22. Qh5 {aiming for Nd6.} Qe6 23. Bf4 Qg6 24. Qe2 Rae8 25. Re1 f6 (25... Re7 $16 {keeps fighting.} 26. Nc3 Bxg2) 26. Nd6 Bxg2 $2 (26... Re6) 27. Nxe8 ({Weaker is} 27. Qxg2 Re6 $16) 27... fxe5 28. Qxg2 ({Much less strong is} 28. Kxg2 exf4 29. Qc4+ Kh7 $18) 28... exf4 29. Nxg7 {White is winning.} f3 30. Qf2 {[#] Strongly threatening Ne6.} Qxg7 31. Re3 Qg4 32. Rf1 {Precision: White = 61%, Black = 16%.} 1-0

[Event "RUS-chT Blitz Men 2018"]
[Site "Sochi"]
[Date "2018.10.10"]
[Round "6"]
[White "Belyakov, Bogdan"]
[Black "Tenikashvili, Georgij"]
[Result "1-0"]
[WhiteElo "2458"]
[BlackElo "2361"]
[Annotator "TA"]
[PlyCount "93"]
[EventDate "2018.10.10"]
[EventType "swiss"]
[EventCountry "RUS"]
[SourceTitle "playchess.com"]
[Source "ChessBase"]
[SourceQuality "1"]

{[%evp 15,93,-8,-3,-27,8,-27,7,-4,0,-7,-2,-23,-9,-21,-21,0,-14,-34,-4,-70,-29,-104,-79,-178,-159,-232,-90,-110,-108,-97,-34,-369,-73,-63,-59,-63,16,21,13,6,13,9,69,0,0,0,118,12,41,0,34,14,82,33,134,110,99,106,93,93,112,108,166,166,168,167,170,167,577,569,551,556,547,247,393,247,575,385,2267,247]} 1. e4 c6 2. d4 d5 3. Nc3 dxe4 4. Nxe4 Bf5 5. Ng3 Bg6 6. Bc4 e6 7. N1e2 Bd6 8. O-O Qc7 9. a4 $146 {B18: Classical Caro-Kann: 4...Bf5 sidelines} ({Predecessor:} 9. f4 Ne7 10. Nc3 Nd7 11. Nce4 O-O-O 12. c3 c5 13. Be3 Nb6 14. Be2 Bxe4 15. Nxe4 Nf5 16. dxc5 Bxc5 17. Bxc5 Rxd1 18. Raxd1 {½-½ (58) Tatar Kis,S (2373)-Bakos,B (2412) Hungary 2017}) 9... Ne7 10. a5 a6 11. c3 {The position is equal.} O-O 12. b4 Nd7 13. Re1 e5 14. Bg5 h6 15. Bxe7 Bxe7 16. Ba2 Bf6 17. dxe5 (17. d5 $11) 17... Nxe5 18. Nd4 (18. Nf4 $11) 18... Rad8 19. Qe2 (19. Bb1 $17 {was necessary.}) 19... Nd3 $19 20. Red1 {[#]} (20. Qg4 $17 Kh7 21. Red1) 20... Nf4 ({Much less strong is} 20... Bxd4 21. cxd4 Rxd4 22. Bb1) (20... Nxb4 $1 $19 {[%mdl 512] is more deadly. And now ...Rfe8 would win.} 21. Bb1 (21. cxb4 Bxd4) 21... Nd5) 21. Qf3 $17 Rfe8 22. h3 Nd5 ({Black should try} 22... Bxd4 $17 23. Rxd4 Rxd4 24. cxd4 Qd6) 23. Ngf5 $2 {[%mdl 8192] [#]} (23. Nde2 $15) 23... Qe5 $2 (23... Nxc3 $1 $19 {[%mdl 512] and Black stays clearly on top.} 24. Nxh6+ (24. Qxc3 Bxf5) 24... Kh7 25. Qxc3 gxh6) 24. Bxd5 Rxd5 25. Ne3 Rdd8 (25... Be4 $15 26. Qe2 Qg5) 26. Ng4 $11 Qg5 27. Nxf6+ gxf6 28. Re1 Kg7 (28... Kh7 $11) 29. Qg3 (29. Rxe8 $14 Rxe8 30. Nb3) 29... Qxg3 30. fxg3 Kf8 (30... Re5 $11) 31. Kf2 (31. Nb3 $16) 31... Re5 32. Rad1 Rde8 33. Nf3 R5e6 (33... Rxe1 $11 {keeps the balance.} 34. Nxe1 c5) 34. g4 (34. Rd7 {feels hotter.} R8e7 35. Rd8+ Re8 36. Rxe8+ Kxe8 37. Nd4) 34... R8e7 (34... c5 $14) 35. Rd8+ Re8 36. Rxe8+ Kxe8 $16 {[%mdl 4096] Endgame KRB-KRN} 37. Rd1 Ke7 38. Rd2 Be4 {[#]} (38... f5 $16) 39. Nd4 $1 $18 {[%cal Rd4e6]} Re5 {[#]} 40. Nb3 $1 Bd5 41. Nc5 Kf8 $2 (41... f5 42. Nxb7 fxg4) 42. Nd7+ Ke7 43. Nxe5 fxe5 44. g3 (44. h4 $142 f6 45. Ke3) 44... f6 (44... Be6 $142 45. Kf3 f6) 45. Ke3 Ke6 $2 (45... Be6 {is tougher.} 46. Ke4 Bd5+ 47. Kd3 Be6) 46. Kd3 Ba2 $2 (46... Ke7 47. Rf2 Bf7) 47. Ke4 $2 {Precision: White = 27%, Black = 20%.} (47. Rxa2 Kd6 48. Ke4) 1-0

[Event "RUS-chT Blitz Men 2018"]
[Site "Sochi"]
[Date "2018.10.10"]
[Round "6"]
[White "Gutenev, Alexander"]
[Black "Lugovskoy, Maxim"]
[Result "1-0"]
[WhiteElo "2456"]
[BlackElo "2428"]
[Annotator "TA"]
[PlyCount "130"]
[EventDate "2018.10.10"]
[EventType "swiss"]
[EventCountry "RUS"]
[SourceTitle "playchess.com"]
[Source "ChessBase"]
[SourceQuality "1"]

{[%evp 18,130,84,74,116,0,2,0,0,0,0,0,0,0,0,-3,-3,-3,-3,-3,-10,-4,-10,0,0,-13,-16,-27,-14,-22,-8,-56,0,0,-6,-18,0,0,0,0,0,0,0,0,0,-8,8,0,8,10,29,0,0,0,0,0,0,-4,0,0,0,-22,-16,-22,-23,-38,-16,-22,-14,-9,-8,-61,0,-17,-8,-8,-8,-8,-8,-16,0,-8,0,0,0,0,0,0,0,0,0,0,0,0,0,0,0,0,0,0,0,0,0,-335,1986,1839,1019,1048,2625,2466,29981,1791,29984,29985,29991]} 1. e4 e6 2. d4 d5 3. Nc3 Bb4 4. e5 c5 5. a3 Bxc3+ 6. bxc3 Ne7 7. Qg4 Qc7 8. Bd3 cxd4 9. Ne2 Nbc6 10. cxd4 {LiveBook: 3 Partien} Bd7 {C18: Französische Verteidigung (Nimzowitsch-Variante)} (10... h5 11. Qf4 f6 12. exf6 Qxf4 13. Nxf4 gxf6 14. O-O e5 15. dxe5 fxe5 16. Ng6 Rg8 17. Nxe7 Kxe7 18. f3 {1-0 (42) Romanov,E (2479)-Kornev,A (2578) St Petersburg 2005}) 11. Qxg7 (11. Rb1 $16) 11... Rg8 $11 12. Qxh7 Nxd4 $1 {Die Stellung ist ausgeglichen.} 13. Bf4 $146 ({Vorgänger:} 13. Bb2 Nxe2 14. Kxe2 O-O-O 15. g3 Ng6 16. f4 Nxf4+ 17. gxf4 Qb6 18. Bc3 {½-½ (35) Pruefer,S (2289)-Heika,M (2288) Bayern 2005}) 13... Nxe2 14. Kxe2 O-O-O 15. Rhe1 Rxg2 16. Bg3 $132 {[%mdl 2048] [#] Weiss puts up resistance} Rxg3 $1 {[%mdl 512]} 17. hxg3 (17. fxg3 Qxe5+) 17... Qxe5+ 18. Kf1 Qf6 19. Qh4 Qxh4 20. gxh4 Rh8 21. Kg2 Rxh4 22. Re3 Bc6 23. Kg3 Rh8 24. Rf3 Rg8+ 25. Kh2 f5 26. Re1 Bd7 27. Rg3 Rh8+ 28. Rh3 Rxh3+ 29. Kxh3 {[%mdl 4096] Endspiel KTL-KLS} Kc7 30. Kh4 Kd6 31. f4 Nc6 32. Kg5 Nd4 {Weiss muss nun ...Sf3+ beachten.} 33. Kf6 b6 34. c4 Bc6 35. Re3 Kc5 36. cxd5 Bxd5 37. Re1 Nf3 38. Rc1+ Kd4 39. Be2 Nd2 {Schwarz will ...Se4+ spielen.} 40. Bh5 Ne4+ 41. Ke7 Ke3 42. Bf7 Nc5 43. Rf1 Bc4 44. Rc1 (44. Rh1 $11) 44... Bd5 45. Rf1 a5 46. Kd6 a4 47. Bg8 Ke2 48. Rg1 Ke3 49. Rb1 Kxf4 {Droht stark ...Se4+.} 50. Rxb6 Ne4+ 51. Ke7 Ng5 {...Ke5 ist eine echte Drohung.} 52. Kf6 $1 Ne4+ 53. Ke7 Ng5 {Und ...Ke5 würde nun gewinnen.} 54. Kf6 $1 Ne4+ 55. Ke7 Nc5 56. Kd6 Ne4+ 57. Ke7 Ng5 {Droht ...Ke5 und aus.} 58. Kf6 $1 Bb3 59. Rb4+ Ne4+ 60. Kg6 $2 {[%mdl 8192]} (60. Ke7 $11 {und Weiss muss sich keine Sorgen machen.}) 60... e5 $4 {[%mdl 8192]} (60... Ke5 $19 61. Kh6 f4) 61. Bxb3 $18 axb3 {[#]} 62. a4 $1 {[%cal Ba3a4,Ba4a5,Ba5a6][%mdl 32]} b2 63. a5 Ke3 64. Rxb2 (64. a6 $142 Nc3 65. Rxb2 Nd5 66. Rb7 Nf4+ 67. Kxf5 Ke2 68. a7 Nd3 69. a8=Q) 64... f4 65. a6 Nd6 {Precision: Weiß = 55%, Schwarz = 48%.} 1-0

[Event "RUS-chT Blitz Men 2018"]
[Site "Sochi"]
[Date "2018.10.10"]
[Round "6"]
[White "Oganian, Miran"]
[Black "Remizov, Yaroslav"]
[Result "1-0"]
[WhiteElo "2435"]
[BlackElo "2315"]
[Annotator "TA"]
[PlyCount "51"]
[EventDate "2018.10.10"]
[EventType "swiss"]
[EventCountry "RUS"]
[SourceTitle "playchess.com"]
[Source "ChessBase"]
[SourceQuality "1"]

{[%evp 20,51,22,4,21,9,54,43,77,82,91,88,99,103,104,87,104,90,214,218,330,333,334,341,341,329,486,414,1487,1481,1460,1291,1426,1400]} 1. d4 d5 2. c4 e6 3. Nf3 c6 4. Qc2 Nf6 5. g3 Nbd7 6. Bg2 Bd6 7. O-O O-O 8. Nbd2 Re8 9. b3 e5 10. dxe5 Nxe5 11. Bb2 Nxf3+ {E01: Catalan: Early deviations} 12. Nxf3 Bg4 $146 ({Predecessor:} 12... dxc4 13. bxc4 Qe7 14. e3 Ne4 15. Nd4 h5 16. Rad1 Bc7 17. Qe2 Qg5 18. Qc2 Qe7 19. Qe2 Qg5 20. Qc2 Qe7 {½-½ (20) Lalic,B (2489)-Longson,A (2279) Purley 2013}) 13. Rad1 Qe7 {[#]White is slightly better.} 14. Bxf6 $1 Qxf6 15. cxd5 cxd5 16. Rxd5 Rac8 17. Qd3 Bf8 18. Ng5 {[%csl Gg5][%cal Rd3h7]} Qg6 (18... g6 $16) 19. Be4 $18 Rxe4 (19... f5 $142) 20. Nxe4 Re8 21. Nc3 Qc6 22. Rd1 Bb4 (22... Be6 {was necessary.} 23. Rd4 h5) 23. Rd8 {And now Qc4 would win.} Bxc3 {[#]} (23... Ba5 $142 24. Rxe8+ Qxe8) 24. Qxc3 $1 {[%mdl 512] White is clearly winning.} Qe4 (24... Qxc3 25. Rxe8#) 25. Rxe8+ Qxe8 26. Qc7 {Precision: White = 85%, Black =  5%.} 1-0